<?xml version="1.0" encoding="UTF-8"?>
<collection xmlns="http://www.loc.gov/MARC21/slim">
<record>
  <controlfield tag="001">158553</controlfield>
  <controlfield tag="005">20250904103558.0</controlfield>
  <datafield tag="037" ind1=" " ind2=" ">
    <subfield code="a">GDOC-2024-29227</subfield>
  </datafield>
  <datafield tag="970" ind1=" " ind2=" ">
    <subfield code="a">GDOC-2024-29227</subfield>
  </datafield>
  <datafield tag="041" ind1=" " ind2=" ">
    <subfield code="a">spa</subfield>
  </datafield>
  <datafield tag="041" ind1=" " ind2=" ">
    <subfield code="a">eng</subfield>
  </datafield>
  <datafield tag="540" ind1=" " ind2=" ">
    <subfield code="a">by-nc-sa</subfield>
    <subfield code="b">Creative Commons</subfield>
    <subfield code="c">3.0</subfield>
    <subfield code="u">http://creativecommons.org/licenses/by-nc-sa/3.0/</subfield>
  </datafield>
  <datafield tag="260" ind1=" " ind2=" ">
    <subfield code="a">Zaragoza</subfield>
    <subfield code="b">Universidad de Zaragoza</subfield>
    <subfield code="c">2024-2025</subfield>
  </datafield>
  <datafield tag="245" ind1="0" ind2="0">
    <subfield code="9">29227</subfield>
    <subfield code="a">Trabajo fin de Grado</subfield>
  </datafield>
  <datafield tag="242" ind1="0" ind2="0">
    <subfield code="9">29227</subfield>
    <subfield code="a">Undergraduate Dissertation</subfield>
  </datafield>
  <datafield tag="100" ind1=" " ind2=" ">
    <subfield code="0">(orcid)0000-0001-9962-2157</subfield>
    <subfield code="a">María Arnedo, Muñoz</subfield>
    <subfield code="1">486780</subfield>
  </datafield>
  <datafield tag="700" ind1=" " ind2=" ">
    <subfield code="0">(orcid)0000-0001-5676-0840</subfield>
    <subfield code="a">María Jesús Castán, Borderías</subfield>
    <subfield code="1">343436</subfield>
  </datafield>
  <datafield tag="700" ind1=" " ind2=" ">
    <subfield code="0">(orcid)0000-0001-6364-1188</subfield>
    <subfield code="a">María Marta Fajó, Pascual</subfield>
    <subfield code="1">143667</subfield>
  </datafield>
  <datafield tag="700" ind1=" " ind2=" ">
    <subfield code="0">(orcid)0000-0003-0296-2986</subfield>
    <subfield code="a">Carlos Gil, Chueca</subfield>
    <subfield code="1">120714</subfield>
  </datafield>
  <datafield tag="700" ind1=" " ind2=" ">
    <subfield code="0">(orcid)0000-0002-2956-4219</subfield>
    <subfield code="a">Natalia Giménez, Legarre</subfield>
    <subfield code="1">611305</subfield>
  </datafield>
  <datafield tag="700" ind1=" " ind2=" ">
    <subfield code="0">(orcid)0000-0002-0531-0943</subfield>
    <subfield code="a">Andrés González, Rodríguez</subfield>
    <subfield code="1">586588</subfield>
  </datafield>
  <datafield tag="700" ind1=" " ind2=" ">
    <subfield code="0">(orcid)0000-0001-9054-3030</subfield>
    <subfield code="a">Miguel Lafuente, Hidalgo</subfield>
    <subfield code="1">445830</subfield>
  </datafield>
  <datafield tag="700" ind1=" " ind2=" ">
    <subfield code="0">(orcid)0000-0002-5490-3542</subfield>
    <subfield code="a">Elisa Luengo, Maranillo</subfield>
    <subfield code="1">538419</subfield>
  </datafield>
  <datafield tag="700" ind1=" " ind2=" ">
    <subfield code="0">(orcid)0000-0003-4071-1467</subfield>
    <subfield code="a">María José Luesma, Bartolome</subfield>
    <subfield code="1">103101</subfield>
  </datafield>
  <datafield tag="700" ind1=" " ind2=" ">
    <subfield code="0">(orcid)0000-0002-7194-8275</subfield>
    <subfield code="a">Sara Malo, Fumanal</subfield>
    <subfield code="1">527670</subfield>
  </datafield>
  <datafield tag="700" ind1=" " ind2=" ">
    <subfield code="0">(orcid)0000-0001-6952-5655</subfield>
    <subfield code="a">Iva Marques, Lopes</subfield>
    <subfield code="1">390053</subfield>
  </datafield>
  <datafield tag="700" ind1=" " ind2=" ">
    <subfield code="0">(orcid)0000-0001-6650-8294</subfield>
    <subfield code="a">Rocío Mateo, Gallego</subfield>
    <subfield code="1">534998</subfield>
  </datafield>
  <datafield tag="700" ind1=" " ind2=" ">
    <subfield code="0">(orcid)0000-0002-1886-9586</subfield>
    <subfield code="a">Susana Menal, Puey</subfield>
    <subfield code="1">101164</subfield>
  </datafield>
  <datafield tag="700" ind1=" " ind2=" ">
    <subfield code="0">(orcid)0000-0001-7676-9842</subfield>
    <subfield code="a">Miguel Ángel Montoro, Huguet</subfield>
    <subfield code="1">386436</subfield>
  </datafield>
  <datafield tag="700" ind1=" " ind2=" ">
    <subfield code="0">(orcid)0000-0003-2645-3983</subfield>
    <subfield code="a">David Pacheu, Grau</subfield>
    <subfield code="1">515424</subfield>
  </datafield>
  <datafield tag="700" ind1=" " ind2=" ">
    <subfield code="0">(orcid)0000-0003-0170-7326</subfield>
    <subfield code="a">Beatriz Puisac, Uriol</subfield>
    <subfield code="1">310824</subfield>
  </datafield>
  <datafield tag="700" ind1=" " ind2=" ">
    <subfield code="0">(orcid)0009-0009-6753-4748</subfield>
    <subfield code="a">María Rivasés, Moñux</subfield>
    <subfield code="1">462919</subfield>
  </datafield>
  <datafield tag="700" ind1=" " ind2=" ">
    <subfield code="0">(orcid)0000-0002-5407-3876</subfield>
    <subfield code="a">Teresa María Sanclemente, Hernández</subfield>
    <subfield code="1">101321</subfield>
  </datafield>
  <datafield tag="700" ind1=" " ind2=" ">
    <subfield code="0">(orcid)0000-0002-1275-2600</subfield>
    <subfield code="a">Sonia Santander, Ballestín</subfield>
    <subfield code="1">540702</subfield>
  </datafield>
  <datafield tag="700" ind1=" " ind2=" ">
    <subfield code="0">(orcid)0000-0002-7758-3588</subfield>
    <subfield code="a">Alejandro Sanz, París</subfield>
    <subfield code="1">121506</subfield>
  </datafield>
  <datafield tag="700" ind1=" " ind2=" ">
    <subfield code="0">(orcid)0000-0002-8068-5016</subfield>
    <subfield code="a">Carlos Serón, Arbeloa</subfield>
    <subfield code="1">385159</subfield>
  </datafield>
  <datafield tag="700" ind1=" " ind2=" ">
    <subfield code="0">(orcid)0000-0002-6024-1450</subfield>
    <subfield code="a">Antonio Vercet, Tormo</subfield>
    <subfield code="1">313603</subfield>
  </datafield>
  <datafield tag="830" ind1=" " ind2=" ">
    <subfield code="9">441</subfield>
  </datafield>
  <datafield tag="856" ind1="4" ind2=" ">
    <subfield code="s">32393</subfield>
    <subfield code="u">http://zaguan.unizar.es/record/158553/files/guia-29227-es.pdf</subfield>
    <subfield code="y">Guía (idioma español)</subfield>
  </datafield>
  <datafield tag="856" ind1="4" ind2=" ">
    <subfield code="s">32928</subfield>
    <subfield code="u">http://zaguan.unizar.es/record/158553/files/guia-29227-en.pdf</subfield>
    <subfield code="y">Guide (english)</subfield>
  </datafield>
  <datafield tag="521" ind1=" " ind2=" ">
    <subfield code="9">128</subfield>
    <subfield code="a">Grado en Nutrición Humana y Dietética</subfield>
    <subfield code="b">Degree in Human Nutrition and Dietetics</subfield>
  </datafield>
  <datafield tag="980" ind1=" " ind2=" ">
    <subfield code="a">GDOC</subfield>
    <subfield code="b">Health Sciences</subfield>
    <subfield code="b">Ciencias de la Salud</subfield>
    <subfield code="c">229</subfield>
  </datafield>
</record>
</collection>